00918cac a2200265 i 4500003000900000005001700009008004100026020002500067020001800092040003800110043001200148050002200160082001500182245005700197264006000254300002700314336002600341337002800367338002700395440003500422504006400457650003200521700003900553856006000592EG-GICUC20260121101341.0921210s1993 enk frb 001 0 eng d a0720121248 :c$70.00 a9780720121247 aDLCcDLCdDLCdEG-GICUCbengerda ae-uk---00aKD4050b.R54 199300a341.4822100aRights of citizenship /cedited by Robert Blackburn. aLondon, England ;aNew York, NY, USA :bMansell,c1993. aix, 338 page ;c24 cm. atextbtxt2rdacontent aunmediatedbn2rdamedia avolumebnc2rdacarrier 0aCitizenship and the law series aIncludes bibliographical references (p. 333-334) and index. 0aCitizenshipzGreat Britain.1 aBlackburn, Robert,d1952-eeditor.40uhttps://fll.law.cu.edu.eg/fulltext/bks/ENGB08-00029.pdf